[Event "Titled Tuesday intern op 15th Aug Early"]
[Site "Chess.com INT"]
[Date "2023.08.15"]
[Round "1"]
[White "Demchenko, Anton"]
[Black "Dong, Khanh Linh"]
[Result "1-0"]
[WhiteElo "2619"]
[BlackElo "1926"]
[PlyCount "79"]
[EventDate "2023.08.15"]
[EventType "swiss (blitz)"]
[EventRounds "11"]
[EventCountry "USA"]
[SourceTitle "EXT 2024"]
[Source "ChessBase"]
[SourceDate "2023.10.10"]
[SourceVersion "1"]
[SourceVersionDate "2023.10.10"]
[SourceQuality "1"]

1. e4 e6 2. d4 d5 3. Nd2 c5 4. exd5 Qxd5 5. dxc5 Bxc5 6. Ngf3 Nf6 7. Bc4 Qh5 8. 0-0 0-0 9. Nb3 Bb6 10. Bf4 Bd7 11. Ne5 Qf5 12. Qf3 Bc6 13. Nxc6 Nxc6 14. Bd3 Qg4 15. Qxg4 Nxg4 16. Be2 Nf6 17. Rad1 Rfd8 18. c3 Nd5 19. Bg3 Nce7 20. h3 Nf5 21. Bh2 h6 22. Rfe1 Nf6 23. Bf3 Nd5 24. a3 Rac8 25. Bxd5 Rxd5 26. Rxd5 exd5 27. Re5 g6 28. Rxd5 Re8 29. Kf1 Be3 30. g4 Ne7 31. Rd7 Bb6 32. Rxb7 Nd5 33. c4 Nf6 34. c5 Bd8 35. Rb8 Kg7 36. c6 Nd5 37. Nc5 Kf8 38. Bd6+ Be7 39. Nd7+ Kg7 40. Rxe8 1-0

[Event "Titled Tuesday intern op 15th Aug Early"]
[Site "Chess.com INT"]
[Date "2023.08.15"]
[Round "9"]
[White "Dong, Khanh Linh"]
[Black "Afanasieva, Alexandra"]
[Result "1-0"]
[WhiteElo "1926"]
[BlackElo "1857"]
[PlyCount "59"]
[EventDate "2023.08.15"]
[EventType "swiss (blitz)"]
[EventRounds "11"]
[EventCountry "USA"]
[SourceTitle "EXT 2024"]
[Source "ChessBase"]
[SourceDate "2023.10.10"]
[SourceVersion "1"]
[SourceVersionDate "2023.10.10"]
[SourceQuality "1"]

1. d4 d5 2. Nf3 Nf6 3. e3 Bf5 4. c4 e6 5. Qb3 b6 6. cxd5 exd5 7. Ne5 c6 8. Bd2 Bd6 9. Bb4 0-0 10. Bxd6 Qxd6 11. Nc3 Nbd7 12. Nxd7 Nxd7 13. Be2 Nf6 14. 0-0 Rfe8 15. Rac1 Rad8 16. h3 h5 17. Bf3 g5 18. Be2 Qe6 19. Qd1 Bxh3 20. gxh3 Qxh3 21. Bf3 Ng4 22. Bxg4 hxg4 23. Ne2 Kg7 24. Ng3 Rh8 25. Re1 Rh4 26. Nf5+ Kg6 27. Nxh4+ Qxh4 28. Qd3+ f5 29. Rxc6+ Kg7 30. Qxf5 1-0

[Event "Titled Tuesday intern op 15th Aug Early"]
[Site "Chess.com INT"]
[Date "2023.08.15"]
[Round "8"]
[White "Mendez Fortes, Eduardo Jesus"]
[Black "Dong, Khanh Linh"]
[Result "1-0"]
[WhiteElo "2231"]
[BlackElo "1926"]
[PlyCount "61"]
[EventDate "2023.08.15"]
[EventType "swiss (blitz)"]
[EventRounds "11"]
[EventCountry "USA"]
[SourceTitle "EXT 2024"]
[Source "ChessBase"]
[SourceDate "2023.10.10"]
[SourceVersion "1"]
[SourceVersionDate "2023.10.10"]
[SourceQuality "1"]

1. e4 e6 2. d4 d5 3. Nd2 c5 4. exd5 Qxd5 5. Ngf3 cxd4 6. Bc4 Qd6 7. 0-0 Nf6 8. Nb3 Nc6 9. Nbxd4 Nxd4 10. Nxd4 a6 11. Re1 Be7 12. c3 0-0 13. Qf3 h6 14. Bf4 Qc5 15. Bb3 Rd8 16. Rad1 Qh5 17. Qg3 b5 18. Rd2 Bb7 19. Bd1 Qc5 20. Bxh6 g6 21. Nxe6 Qb6 22. Nxd8 Bxd8 23. Bb3 Kh7 24. Bxf7 Nh5 25. Qe3 Qf6 26. Rd7 Bc6 27. Bg8+ Kh8 28. Bg7+ Nxg7 29. Rf7 Qxf7 30. Bxf7 Nf5 31. Qe6 1-0

[Event "Titled Tuesday intern op 08th Aug Early"]
[Site "Chess.com INT"]
[Date "2023.08.08"]
[Round "3"]
[White "Dong, Khanh Linh"]
[Black "Castillo Pena, Patricia Evarista"]
[Result "1-0"]
[WhiteElo "1926"]
[BlackElo "1798"]
[PlyCount "59"]
[EventDate "2023.08.08"]
[EventType "swiss (blitz)"]
[EventRounds "11"]
[EventCountry "USA"]
[SourceTitle "EXT 2024"]
[Source "ChessBase"]
[SourceDate "2023.10.10"]
[SourceVersion "1"]
[SourceVersionDate "2023.10.10"]
[SourceQuality "1"]

1. d4 d5 2. Nf3 Nf6 3. e3 c6 4. c4 e6 5. Nc3 Nbd7 6. Bd3 dxc4 7. Bxc4 b5 8. Bd3 Bb7 9. 0-0 a6 10. a3 c5 11. e4 cxd4 12. Nxd4 Nc5 13. e5 Nxd3 14. Qxd3 Nd7 15. Qg3 Qc7 16. Bf4 g6 17. Rac1 Qb6 18. Rfd1 Bg7 19. h4 Rd8 20. Nf3 h6 21. Rd6 Qa7 22. Rcd1 Bc8 23. h5 g5 24. Bxg5 hxg5 25. Qxg5 Bf8 26. Ne4 Be7 27. Qg7 Rf8 28. h6 Bxd6 29. Nxd6+ Ke7 30. Qg5+ 1-0

[Event "Titled Tuesday intern op 08th Aug Early"]
[Site "Chess.com INT"]
[Date "2023.08.08"]
[Round "2"]
[White "Sidletskyi, Ivan"]
[Black "Dong, Khanh Linh"]
[Result "1-0"]
[WhiteElo "2354"]
[BlackElo "1926"]
[PlyCount "83"]
[EventDate "2023.08.08"]
[EventType "swiss (blitz)"]
[EventRounds "11"]
[EventCountry "USA"]
[SourceTitle "EXT 2024"]
[Source "ChessBase"]
[SourceDate "2023.10.10"]
[SourceVersion "1"]
[SourceVersionDate "2023.10.10"]
[SourceQuality "1"]

1. e4 e6 2. d4 d5 3. Nd2 c5 4. Ngf3 cxd4 5. Nxd4 Nf6 6. exd5 Qxd5 7. N2f3 Bc5 8. Bf4 0-0 9. Be2 a6 10. 0-0 b5 11. Nb3 Qf5 12. Qd2 Bb6 13. Bd3 Qd5 14. Rad1 Bb7 15. Qe2 Qh5 16. Ne5 Qh4 17. Bg3 Qg5 18. h4 Qh6 19. c3 Nc6 20. Nxc6 Bxc6 21. Nd4 Bd5 22. f4 Rad8 23. Bf2 Qxf4 24. Nxe6 Bxe6 25. Bxb6 Qg3 26. Bxd8 Bg4 27. Qf2 Qxf2+ 28. Rxf2 Bxd1 29. Bxf6 gxf6 30. Rxf6 Rd8 31. Be4 a5 32. Rb6 Be2 33. Rb7 Rd1+ 34. Kf2 Bc4 35. Ke3 Re1+ 36. Kf4 Re2 37. Bf3 Rxb2 38. a3 Rb3 39. Kg5 Rxc3 40. Kf6 h6 41. Rb8+ Kh7 42. Be4# 1-0

[Event "VIE-ch (Women)"]
[Site "Vung Tau"]
[Date "2023.03.05"]
[Round "4"]
[White "Dong, Khanh Linh"]
[Black "Nguyen, Ha Khanh Linh"]
[Result "1/2-1/2"]
[WhiteElo "1900"]
[BlackElo "1708"]
[PlyCount "107"]
[EventDate "2023.03.03"]
[EventType "swiss"]
[EventRounds "9"]
[EventCountry "VIE"]
[SourceTitle "EXT 2024"]
[Source "ChessBase"]
[SourceDate "2023.10.10"]
[SourceVersion "1"]
[SourceVersionDate "2023.10.10"]
[SourceQuality "1"]

1. e4 c5 2. Nf3 g6 3. d4 cxd4 4. Nxd4 Bg7 5. c4 Nc6 6. Be3 Nf6 7. Nc3 d6 8. Be2 Bd7 9. 0-0 0-0 10. f3 a5 11. Qd2 Nxd4 12. Bxd4 Bc6 13. b3 Nd7 14. Be3 Nc5 15. Rac1 Qb6 16. Nb5 Bxb5 17. cxb5 Rfc8 18. Rfd1 Qd8 19. Bc4 Qe8 20. Bd4 Qf8 21. g3 Bxd4+ 22. Qxd4 Qg7 23. Qxg7+ Kxg7 24. Kf2 Rc7 25. Be2 Rac8 26. Rc4 Nd7 27. Rdc1 Rc5 28. Ke3 f5 29. f4 Kf6 30. exf5 gxf5 31. h3 Rxc4 32. Rxc4 Rxc4 33. Bxc4 e5 34. g4 h6 35. fxe5+ Kxe5 36. gxf5 d5 37. Be2 Nc5 38. Bg4 d4+ 39. Kd2 b6 40. Kc2 Ne4 41. Kd3 Nf6 42. Bf3 Nd7 43. Be2 Nc5+ 44. Kc4 Ne4 45. Bg4 Nd6+ 46. Kd3 Nxb5 47. f6 Kxf6 48. a4 Nc7 49. Kxd4 Ke7 50. Ke5 b5 51. axb5 Nxb5 52. h4 Nc3 53. Kd4 Nb5+ 54. Ke5 1/2-1/2

[Event "VIE-ch (Women)"]
[Site "Vung Tau"]
[Date "2023.03.03"]
[Round "2"]
[White "Dong, Khanh Linh"]
[Black "Nguyen, My Hanh An"]
[Result "1/2-1/2"]
[WhiteElo "1900"]
[BlackElo "1653"]
[PlyCount "83"]
[EventDate "2023.03.03"]
[EventType "swiss"]
[EventRounds "9"]
[EventCountry "VIE"]
[SourceTitle "EXT 2024"]
[Source "ChessBase"]
[SourceDate "2023.10.10"]
[SourceVersion "1"]
[SourceVersionDate "2023.10.10"]
[SourceQuality "1"]

1. e4 c5 2. Nf3 a6 3. c3 d5 4. exd5 Qxd5 5. d4 Nf6 6. dxc5 Qxc5 7. Be3 Qc7 8. Nbd2 Ng4 9. Nc4 Nxe3 10. Nxe3 e6 11. Bd3 Bc5 12. 0-0 Nd7 13. Qa4 Be7 14. Rfe1 0-0 15. Nd5 Qd6 16. Qe4 g6 17. Nxe7+ Qxe7 18. Rad1 Qf6 19. Qe3 b6 20. Be4 Ra7 21. Rd6 Rc7 22. Bc6 b5 23. Red1 Nb8 24. Ne5 Qe7 25. Qb6 Bb7 26. Bxb7 Rxb7 27. Qd4 f6 28. Ng4 h5 29. Ne3 Kf7 30. h4 Rc8 31. Qf4 Rd7 32. Rxd7 Nxd7 33. Qh6 Nf8 34. g4 hxg4 35. Nxg4 Rd8 36. Re1 Rd5 37. Qf4 Kg7 38. Ne3 Re5 39. Rd1 g5 40. hxg5 Rxg5+ 41. Kf1 Qf7 42. Rd8 1/2-1/2

[Event "Titled Tuesday intern op 21st Feb Early"]
[Site "Chess.com INT"]
[Date "2023.02.21"]
[Round "2"]
[White "Dong, Khanh Linh"]
[Black "Bettalli, Francesco"]
[Result "1-0"]
[WhiteElo "1900"]
[BlackElo "2225"]
[PlyCount "45"]
[EventDate "2023.02.21"]
[EventType "swiss (blitz)"]
[EventRounds "11"]
[EventCountry "USA"]
[SourceTitle "CBM 212 Extra"]
[Source "ChessBase"]
[SourceDate "2023.03.31"]
[SourceVersion "1"]
[SourceVersionDate "2023.03.31"]
[SourceQuality "1"]

1. e4 g6 2. d4 Bg7 3. Nc3 c5 4. Nf3 Nf6 5. Be3 Ng4 6. Bg5 cxd4 7. Nxd4 Qa5 8. Qxg4 Bxd4 9. Bd2 h5 10. Qf3 Qd8 11. Bc4 0-0 12. 0-0-0 e6 13. Bh6 Bg7 14. Bxg7 Kxg7 15. g4 hxg4 16. Qxg4 d5 17. exd5 exd5 18. Qd4+ Kg8 19. Nxd5 Nc6 20. Nf6+ Kh8 21. Qh4+ Kg7 22. Rxd8 Nxd8 23. Qg5 1-0

[Event "Titled Tuesday intern op 21st Feb Early"]
[Site "Chess.com INT"]
[Date "2023.02.21"]
[Round "1"]
[White "Dong, Khanh Linh"]
[Black "Shahil, Dey"]
[Result "0-1"]
[WhiteElo "1900"]
[BlackElo "2316"]
[PlyCount "108"]
[EventDate "2023.02.21"]
[EventType "swiss (blitz)"]
[EventRounds "11"]
[EventCountry "USA"]
[SourceTitle "CBM 212 Extra"]
[Source "ChessBase"]
[SourceDate "2023.03.31"]
[SourceVersion "1"]
[SourceVersionDate "2023.03.31"]
[SourceQuality "1"]

1. e4 c5 2. Nf3 e6 3. d4 cxd4 4. Nxd4 a6 5. c4 Nf6 6. Nc3 d6 7. Be3 b6 8. Be2 Bb7 9. f3 Nbd7 10. 0-0 Be7 11. Rc1 Rc8 12. b3 h5 13. Qd2 h4 14. Rcd1 Qc7 15. Kh1 Qb8 16. Nc2 0-0 17. Bf4 Ne5 18. Na4 Bc6 19. Qb4 Bxa4 20. Qxa4 b5 21. Qxa6 bxc4 22. bxc4 Qb2 23. Rd2 Nh5 24. Be3 Qc3 25. Qa3 Qxa3 26. Nxa3 d5 27. cxd5 Bxa3 28. f4 Nc4 29. Bxc4 Rxc4 30. Bd4 exd5 31. exd5 Bd6 32. Be5 Rd8 33. Rfd1 Nxf4 34. Bxd6 Rxd6 35. g3 hxg3 36. hxg3 Ng6 37. Kg2 Ne7 38. Kf3 Rc5 39. Ke4 f6 40. Rd4 Kf7 41. a4 Ke8 42. g4 Kd7 43. Rb1 Rcxd5 44. Rxd5 Nxd5 45. Rb7+ Ke6 46. a5 Nc3+ 47. Ke3 g5 48. Ra7 Nd5+ 49. Ke4 Nb4 50. Rb7 Na6 51. Rb5 Rc6 52. Kd4 Kd6 53. Rf5 Kc7 54. Rb5 Rd6+ 0-1

[Event "Titled Tuesday intern op 14th Feb Early"]
[Site "Chess.com INT"]
[Date "2023.02.14"]
[Round "10"]
[White "Babikov, Ivan"]
[Black "Dong, Khanh Linh"]
[Result "1-0"]
[WhiteElo "2239"]
[BlackElo "1900"]
[PlyCount "39"]
[EventDate "2023.02.14"]
[EventType "swiss (blitz)"]
[EventRounds "11"]
[EventCountry "USA"]
[SourceTitle "CBM 212 Extra"]
[Source "ChessBase"]
[SourceDate "2023.03.31"]
[SourceVersion "1"]
[SourceVersionDate "2023.03.31"]
[SourceQuality "1"]

1. Nf3 d5 2. g3 Nf6 3. Bg2 g6 4. 0-0 Bg7 5. d4 0-0 6. c4 dxc4 7. Na3 c3 8. bxc3 c5 9. Nc2 Nc6 10. Bb2 Ne4 11. e3 Na5 12. Qe2 Rb8 13. Rfd1 c4 14. Ne5 Nd6 15. Nb4 Be6 16. f4 f5 17. d5 Bd7 18. Nc2 b5 19. Nd4 Qb6 20. Nxd7 1-0

[Event "Titled Tuesday intern op 14th Feb Early"]
[Site "Chess.com INT"]
[Date "2023.02.14"]
[Round "11"]
[White "Dong, Khanh Linh"]
[Black "Delorme, Axel"]
[Result "0-1"]
[WhiteElo "1900"]
[BlackElo "2483"]
[PlyCount "108"]
[EventDate "2023.02.14"]
[EventType "swiss (blitz)"]
[EventRounds "11"]
[EventCountry "USA"]
[SourceTitle "CBM 212 Extra"]
[Source "ChessBase"]
[SourceDate "2023.03.31"]
[SourceVersion "1"]
[SourceVersionDate "2023.03.31"]
[SourceQuality "1"]

1. e4 c5 2. Nf3 d6 3. d4 cxd4 4. Nxd4 Nf6 5. Nc3 Bd7 6. Bg5 e6 7. f4 Nc6 8. Qd2 h6 9. Bxf6 Qxf6 10. 0-0-0 Nxd4 11. Qxd4 Qxf4+ 12. Kb1 a6 13. g3 Qe5 14. Bh3 Qxd4 15. Rxd4 Be7 16. Rhd1 Bc6 17. Bg2 Rd8 18. a4 Kd7 19. a5 Kc7 20. Na4 Bf6 21. Rb4 Be5 22. Nb6 h5 23. Nc4 h4 24. Nxe5 dxe5 25. Rd3 Rxd3 26. cxd3 hxg3 27. hxg3 Rh2 28. Bf3 Rh3 29. Kc2 Rxg3 30. Bh5 g6 31. Bd1 f5 32. exf5 exf5 33. Rh4 f4 34. Rh7+ Kd6 35. Rf7 f3 36. b4 g5 37. Kc3 g4 38. Bb3 Rg2 39. Rf6+ Ke7 40. Rf7+ Ke8 41. Rf5 f2 42. Rxe5+ Kd8 43. Rf5 g3 44. Kd4 Rg1 45. Rf8+ Ke7 46. Rf7+ Ke8 47. Rg7 f1Q 48. Rg8+ Qf8 49. Rxf8+ Kxf8 50. Kc5 g2 51. d4 Rc1+ 52. Kb6 g1Q 53. Ka7 Qxd4+ 54. Ka8 Qxb4 0-1

[Event "Titled Tuesday intern op 14th Feb Early"]
[Site "Chess.com INT"]
[Date "2023.02.14"]
[Round "2"]
[White "Malka, Samuel"]
[Black "Dong, Khanh Linh"]
[Result "1-0"]
[WhiteElo "2166"]
[BlackElo "1900"]
[PlyCount "83"]
[EventDate "2023.02.14"]
[EventType "swiss (blitz)"]
[EventRounds "11"]
[EventCountry "USA"]
[SourceTitle "CBM 212 Extra"]
[Source "ChessBase"]
[SourceDate "2023.03.31"]
[SourceVersion "1"]
[SourceVersionDate "2023.03.31"]
[SourceQuality "1"]

1. d4 Nf6 2. c4 g6 3. Nc3 d5 4. cxd5 Nxd5 5. e4 Nxc3 6. bxc3 Bg7 7. Nf3 0-0 8. Be2 c5 9. 0-0 Nc6 10. Be3 Qa5 11. d5 Ne5 12. Nd2 Qxc3 13. Rc1 Qa5 14. Bxc5 Re8 15. Nb3 Qd8 16. Ba3 Nd7 17. f4 Qb6+ 18. Kh1 Qe3 19. Qd3 Qxd3 20. Bxd3 Nf6 21. Rc7 Bf8 22. Bb5 Rd8 23. Bxe7 Bxe7 24. Rxe7 a6 25. Bd3 Bd7 26. d6 Rac8 27. e5 Nd5 28. Rxd7 Rxd7 29. f5 Ne3 30. Rf3 Nxf5 31. Bxf5 gxf5 32. h3 Rc2 33. a3 b6 34. Nd4 Rc1+ 35. Kh2 Re1 36. Rg3+ Kf8 37. Nf3 Re3 38. Rg5 f4 39. Rf5 Rxa3 40. Rxf4 Re3 41. Rh4 f6 42. Rf4 1-0

[Event "Hanoi FM"]
[Site "Hanoi"]
[Date "2022.08.02"]
[Round "4"]
[White "Dong, Khanh Linh"]
[Black "Hoang, Minh Hieu"]
[Result "0-1"]
[WhiteElo "1924"]
[BlackElo "1938"]
[PlyCount "76"]
[EventDate "2022.08.01"]
[EventType "tourn"]
[EventRounds "7"]
[EventCountry "VIE"]
[SourceTitle "EXT 2024"]
[Source "ChessBase"]
[SourceDate "2023.10.10"]
[SourceVersion "1"]
[SourceVersionDate "2023.10.10"]
[SourceQuality "1"]

1. e4 e6 2. d4 d5 3. e5 c5 4. c3 Qb6 5. Nf3 Nc6 6. a3 c4 7. Be2 Bd7 8. Nbd2 Na5 9. Rb1 Ne7 10. 0-0 0-0-0 11. b3 cxb3 12. c4 Ba4 13. Bb2 h6 14. c5 Qc7 15. Bd3 b6 16. Qe2 bxc5 17. dxc5 Nec6 18. Rfc1 Kd7 19. Nd4 Nxd4 20. Bxd4 Nc6 21. Qg4 h5 22. Qf4 g5 23. Qxf7+ Be7 24. Nxb3 Rdf8 25. Qg7 Rfg8 26. Qf7 Rf8 27. Qg7 Rb8 28. Bc2 Bxb3 29. Bxb3 Nxd4 30. Ba4+ Nc6 31. Ra1 Rhf8 32. Ra2 Rf4 33. Bxc6+ Qxc6 34. Rd2 Qxc5 35. Rcd1 Rd4 36. Rxd4 Qxd4 37. Rc1 Qc3 38. Rd1 Qd3 0-1

[Event "Hanoi FM Rating 04"]
[Site "Hanoi"]
[Date "2022.04.09"]
[Round "2"]
[White "Dong, Khanh Linh"]
[Black "Banh, Gia Huy"]
[Result "0-1"]
[WhiteElo "1949"]
[BlackElo "1949"]
[PlyCount "80"]
[EventDate "2022.04.08"]
[EventType "swiss"]
[EventRounds "7"]
[EventCountry "VIE"]
[SourceTitle "EXT 2023"]
[Source "ChessBase"]
[SourceDate "2022.10.05"]
[SourceVersion "1"]
[SourceVersionDate "2022.10.05"]
[SourceQuality "1"]

1. c4 Nf6 2. Nc3 g6 3. Nf3 Bg7 4. g3 0-0 5. Bg2 d6 6. d3 e5 7. Bg5 h6 8. Bd2 Re8 9. Qc1 Kh7 10. h4 c6 11. Qc2 d5 12. 0-0-0 Bg4 13. e4 Na6 14. Ne2 Nc5 15. Bb4 Qb6 16. Bxc5 Qxc5 17. Nc3 dxc4 18. Na4 Qa5 19. Ng5+ Kg8 20. f3 Bc8 21. Nh3 b5 22. Nc3 b4 23. Na4 b3 24. axb3 cxb3 25. Qxb3 Be6 26. Qc2 Nd7 27. Nc3 Nc5 28. Rde1 Bb3 29. Qb1 Red8 30. Re3 Na4 31. Kd2 Bf8 32. Rc1 Bc5 33. Re2 Bc4 34. Qa1 Bxd3 35. Ke1 Bb4 36. Rd2 Qc5 37. Rxd3 Rxd3 38. Nf2 Bxc3+ 39. bxc3 Qe3+ 40. Kf1 Rd2 0-1

[Event "Hanoi FM Rating 04"]
[Site "Hanoi"]
[Date "2022.04.09"]
[Round "3"]
[White "Nguyen, Thien Ngan"]
[Black "Dong, Khanh Linh"]
[Result "0-1"]
[WhiteElo "1919"]
[BlackElo "1949"]
[PlyCount "92"]
[EventDate "2022.04.08"]
[EventType "swiss"]
[EventRounds "7"]
[EventCountry "VIE"]
[SourceTitle "EXT 2023"]
[Source "ChessBase"]
[SourceDate "2022.10.05"]
[SourceVersion "1"]
[SourceVersionDate "2022.10.05"]
[SourceQuality "1"]

1. e4 c5 2. Nf3 d6 3. d4 cxd4 4. Nxd4 Nf6 5. Nc3 a6 6. Be2 e5 7. Nb3 Be7 8. Be3 Be6 9. 0-0 0-0 10. Qd2 Nbd7 11. a4 Rc8 12. Bf3 h6 13. Rfd1 Qc7 14. Nc1 Nb6 15. Be2 Nc4 16. Bxc4 Qxc4 17. Qd3 Rfd8 18. Qxc4 Rxc4 19. f3 d5 20. exd5 Nxd5 21. Nxd5 Rxd5 22. Rxd5 Bxd5 23. c3 f5 24. Ne2 f4 25. Bb6 Rc6 26. Ba7 Bb3 27. Re1 Bd6 28. Nc1 Bc2 29. a5 Kf7 30. Re2 Bf5 31. Nb3 g5 32. Nd2 Bc7 33. Ne4 g4 34. Nc5 Rg6 35. Kf2 gxf3 36. gxf3 Bc8 37. Bb6 Bxb6 38. axb6 Rxb6 39. Nd3 Bf5 40. Nxe5+ Kf6 41. Ng4+ Kg5 42. Ne5 Kh4 43. Nc4 Rg6 44. Re5 Bh3 45. Re2 Bf5 46. Ne5 Kh3 0-1

[Event "VIE-ch (Women)"]
[Site "Tinh Bac Giang"]
[Date "2022.02.28"]
[Round "9"]
[White "Bui, Kim Le"]
[Black "Dong, Khanh Linh"]
[Result "1/2-1/2"]
[WhiteElo "2022"]
[BlackElo "1970"]
[PlyCount "119"]
[EventDate "2022.02.28"]
[EventType "swiss"]
[EventRounds "9"]
[EventCountry "VIE"]
[SourceTitle "CBM 207 Extra"]
[Source "ChessBase"]
[SourceDate "2022.05.31"]
[SourceVersion "1"]
[SourceVersionDate "2022.05.31"]
[SourceQuality "1"]

1. e4 c5 2. Nf3 d6 3. d4 cxd4 4. Nxd4 Nf6 5. Nc3 a6 6. Bg5 e6 7. f4 h6 8. Bh4 Qb6 9. Bxf6 gxf6 10. Qd2 Nc6 11. Nb3 Bd7 12. 0-0-0 Be7 13. Be2 Rc8 14. Bh5 Na5 15. Nxa5 Qxa5 16. g4 Rc4 17. f5 e5 18. Kb1 Bc6 19. Rhe1 Qc5 20. Qe3 b5 21. Qxc5 Rxc5 22. Nd5 Bxd5 23. Rxd5 Rxd5 24. exd5 0-0 25. a4 Rc8 26. axb5 axb5 27. c3 Rc5 28. Rd1 Bd8 29. Kc2 Ba5 30. Kb3 Bb6 31. Kb4 Kf8 32. Rd2 Ke7 33. Rd1 Bc7 34. Rd2 Bd8 35. Rd1 Rc8 36. Ra1 Bb6 37. Kxb5 Bf2 38. Ra5 e4 39. Ra4 e3 40. Re4+ Kd7 41. Bxf7 Rb8+ 42. Ka4 Rxb2 43. Be8+ Kc7 44. Bb5 Kb6 45. Bc4 Kc5 46. Ka3 Rb1 47. Ka2 Rh1 48. Kb3 Rxh2 49. Re8 Bg3 50. Rxe3 Be5 51. Be2 Kxd5 52. Bf3+ Kc5 53. Rd3 Rf2 54. Rd5+ Kb6 55. Rd3 Rf1 56. Kc4 Rc1 57. Kd5 Kb5 58. Be2 Kb6 59. Bf3 Re1 60. Kc4 1/2-1/2

[Event "VIE-ch (Women)"]
[Site "Tinh Bac Giang"]
[Date "2022.02.28"]
[Round "3"]
[White "Dong, Khanh Linh"]
[Black "Luong, Hoang Tu Linh"]
[Result "0-1"]
[WhiteElo "1970"]
[BlackElo "1770"]
[PlyCount "166"]
[EventDate "2022.02.28"]
[EventType "swiss"]
[EventRounds "9"]
[EventCountry "VIE"]
[SourceTitle "CBM 207 Extra"]
[Source "ChessBase"]
[SourceDate "2022.05.31"]
[SourceVersion "1"]
[SourceVersionDate "2022.05.31"]
[SourceQuality "1"]

1. e4 c5 2. Nf3 d6 3. d4 cxd4 4. Nxd4 Nf6 5. Nc3 a6 6. Bg5 e6 7. f4 Be7 8. Qf3 Qc7 9. 0-0-0 Nc6 10. Nxc6 Qxc6 11. Bd3 Qc7 12. Qg3 h6 13. Bh4 Nh5 14. Qg4 Nxf4 15. Bxe7 Nxd3+ 16. Rxd3 Qxe7 17. Qxg7 Qg5+ 18. Qxg5 hxg5 19. Rxd6 Bd7 20. h3 Bc6 21. Rf1 Rh4 22. Rd4 Ke7 23. Rf3 g4 24. Re3 gxh3 25. gxh3 Rg8 26. b4 f5 27. a4 f4 28. Rf3 Rg3 29. Rfd3 Rhxh3 30. b5 axb5 31. axb5 Be8 32. e5 Rxd3 33. cxd3 f3 34. Rf4 Bg6 35. d4 Bd3 36. Kd2 Bc4 37. Ne4 Bxb5 38. Nd6 Be8 39. Nxb7 Rh2+ 40. Ke1 Re2+ 41. Kf1 Bb5 42. Rxf3 Rb2+ 43. Ke1 Bc6 44. Rc3 Bxb7 45. Rc7+ Kd8 46. Rh7 Be4 47. Rh4 Bf5 48. Rh8+ Kd7 49. Kd1 Rb4 50. Rh4 Rc4 51. Kd2 Kc6 52. Ke3 Kd5 53. Rh8 Rc3+ 54. Kf4 Kxd4 55. Rd8+ Kc4 56. Rd6 Kc5 57. Rd8 Rc4+ 58. Kg5 Rd4 59. Rb8 Kd5 60. Kf6 Rg4 61. Rb5+ Kc6 62. Ra5 Rg6+ 63. Kf7 Rh6 64. Kg7 Rh7+ 65. Kf6 Rb7 66. Ra8 Rb1 67. Rd8 Rf1 68. Ke7 Rf3 69. Kf6 Kc7 70. Rd2 Rc3 71. Ke7 Rc5 72. Kf6 Rc6 73. Ke7 Be4 74. Rd6 Bd5 75. Rd7+ Kb6 76. Rd8 Kc5 77. Rb8 Kd4 78. Kf6 Rc3 79. Rb4+ Bc4 80. Ra4 Rc1 81. Rb4 Kd5 82. Ra4 Bb5 83. Rf4 Rf1 0-1

[Event "VIE-ch (Women)"]
[Site "Tinh Bac Giang"]
[Date "2022.02.28"]
[Round "1"]
[White "Dong, Khanh Linh"]
[Black "Thai, Ngoc Tuong Minh"]
[Result "1-0"]
[WhiteElo "1970"]
[BlackElo "1547"]
[PlyCount "65"]
[EventDate "2022.02.28"]
[EventType "swiss"]
[EventRounds "9"]
[EventCountry "VIE"]
[SourceTitle "CBM 207 Extra"]
[Source "ChessBase"]
[SourceDate "2022.05.31"]
[SourceVersion "1"]
[SourceVersionDate "2022.05.31"]
[SourceQuality "1"]

1. e4 c5 2. Nf3 d6 3. d4 cxd4 4. Nxd4 Nf6 5. Nc3 g6 6. Be3 Bg7 7. f3 Nc6 8. Qd2 0-0 9. g4 Bd7 10. 0-0-0 Rc8 11. Be2 Ne5 12. Bh6 Nc4 13. Bxc4 Rxc4 14. Bxg7 Kxg7 15. h4 h5 16. Rdg1 Rh8 17. g5 Ne8 18. f4 Qb6 19. Nde2 Bg4 20. Rf1 Nc7 21. f5 Rc8 22. Nf4 Nb5 23. Nfd5 Qc5 24. fxg6 fxg6 25. Qf4 Be6 26. Nxe7 Qd4 27. Nxc8 Bf5 28. exf5 Qc5 29. Qf3 Nxc3 30. bxc3 Qxc8 31. fxg6 Rc7 32. Qf6+ Kg8 33. Rf3 1-0

[Event "Titled Tuesday intern op 06th July"]
[Site "Chess.com INT"]
[Date "2021.07.06"]
[Round "7"]
[White "Dong, Khanh Linh"]
[Black "Okike, David"]
[Result "0-1"]
[WhiteElo "1970"]
[BlackElo "2177"]
[PlyCount "92"]
[EventDate "2021.07.06"]
[EventType "swiss (blitz)"]
[EventRounds "11"]
[EventCountry "USA"]
[SourceTitle "EXT 2022"]
[Source "ChessBase"]
[SourceDate "2021.10.06"]
[SourceVersion "1"]
[SourceVersionDate "2021.10.06"]
[SourceQuality "1"]

1. e4 c5 2. Nf3 Nc6 3. d4 cxd4 4. Nxd4 Nf6 5. Nc3 d6 6. f3 e5 7. Nb3 Be6 8. Be3 Be7 9. Be2 0-0 10. 0-0 d5 11. exd5 Nxd5 12. Nxd5 Bxd5 13. c3 b6 14. Qc2 Be6 15. Rad1 Qc7 16. Qb1 Rad8 17. Bd3 h6 18. Bf5 Bc4 19. Rfe1 Rfe8 20. Nd2 Ba6 21. Nf1 Na5 22. b4 Nc4 23. Bc1 Bb7 24. Ng3 Bf8 25. Bh7+ Kh8 26. Be4 Nd6 27. Bxb7 Nxb7 28. Qb3 Kg8 29. Ne4 Nd6 30. Nxd6 Rxd6 31. c4 Rc6 32. Bb2 Rxc4 33. Bxe5 Qc6 34. a3 a5 35. Bb2 Rxe1+ 36. Rxe1 axb4 37. axb4 Rxb4 38. Qc3 Qc5+ 39. Kf1 Rc4 40. Qd3 b5 41. Re2 b4 42. g4 Qc7 43. Kg2 Rc6 44. Be5 Qc8 45. Qd5 Re6 46. h3 Qc6 0-1

[Event "Titled Tuesday intern op 06th July"]
[Site "Chess.com INT"]
[Date "2021.07.06"]
[Round "6"]
[White "Feller, Gabriela Luisa Vice"]
[Black "Dong, Khanh Linh"]
[Result "0-1"]
[WhiteElo "1821"]
[BlackElo "1970"]
[PlyCount "92"]
[EventDate "2021.07.06"]
[EventType "swiss (blitz)"]
[EventRounds "11"]
[EventCountry "USA"]
[SourceTitle "EXT 2022"]
[Source "ChessBase"]
[SourceDate "2021.10.06"]
[SourceVersion "1"]
[SourceVersionDate "2021.10.06"]
[SourceQuality "1"]

1. d4 d5 2. c4 c6 3. cxd5 cxd5 4. Nf3 Nc6 5. Nc3 Nf6 6. Bf4 e6 7. e3 Bd6 8. Bg3 0-0 9. Bd3 h6 10. 0-0 a6 11. Rc1 Bxg3 12. hxg3 Bd7 13. Bb1 Rc8 14. a3 Na5 15. Qd3 Nc4 16. b3 Nxa3 17. Ne5 Nxb1 18. Qxb1 Qa5 19. b4 Qa3 20. Ne2 Bb5 21. Rfe1 Bxe2 22. Rxc8 Rxc8 23. Kh2 Ng4+ 24. Nxg4 Bxg4 25. f3 Bf5 26. e4 dxe4 27. fxe4 Bg6 28. b5 Rc3 29. bxa6 bxa6 30. Qb8+ Kh7 31. d5 Rb3 32. Qf4 Qb4 33. Rf1 exd5 34. exd5 Qxf4 35. gxf4 Bf5 36. d6 Rd3 37. d7 Rxd7 38. Ra1 Rd6 39. g4 Bxg4 40. Kg3 Be2 41. Ra2 Bb5 42. Ra5 h5 43. Kh4 Kh6 44. f5 Rd3 45. Ra3 Rxa3 46. f6 g5# 0-1